000
00281nam a2200109Ia 4500
008
190216s9999||||xx |||||||||||||| ||und||
100
_a
Rehond B Mottis
245
0
_a
Encyclopedia Of American History
260
_b
Universal Bookstall Newdelhi
650
_a
References
942
_c
REF
999
_c
35255
_d
35255